| 000 | 00514nam a2200157Ia 4500 | ||
|---|---|---|---|
| 999 |
_c815 _d815 |
||
| 003 | OSt | ||
| 005 | 20201223115827.0 | ||
| 008 | 190216s9999||||xx |||||||||||||| ||und|| | ||
| 040 | _coclc | ||
| 082 |
_a297.122594812 _bKOY/P |
||
| 100 |
_aKoyakutty, Muttanisseril _97805 |
||
| 245 | 0 |
_aParishudha Quran Sampoorna Malayala Paribhasha / _cMuttanisseril Koyakutty |
|
| 260 |
_bUmmahath Publications, _aKochi: _c2000. |
||
| 300 | _a989p | ||
| 942 |
_cBK _2ddc _h297.122594812 _iKOY/P _k297.122594812 _mKOY/P |
||